[Event "Xtracon Grand Master 2013"]
[Site "Asgaard Skole, Koge, Denmark"]
[Date "2013.10.14"]
[Round "1.1"]
[White "Nielsen, Peter Heine"]
[Black "Antonsen, Mikkel Djernæs"]
[Result "1-0"]
[WhiteElo "2649"]
[BlackElo "2449"]
[PlyCount "79"]
[EventDate "2013.??.??"]

1. c4 e6 2. g3 d5 3. Bg2 Nf6 4. Nf3 Be7 5. O-O O-O 6. d4 dxc4 7. Qc2 a6 8. a4
Bd7 9. Qxc4 Bc6 10. Bf4 Bd6 11. Qc1 Nbd7 12. Nc3 Ne4 13. Rd1 Bxf4 14. Qxf4 Ndf6
15. Nb1 Nd6 16. Nbd2 Qe7 17. Rdc1 Bd5 18. Bf1 h6 19. Qe3 Rfd8 20. Ne5 Nde4 21.
f3 Nxd2 22. Qxd2 Nd7 23. Rxc7 Qd6 24. Rxd7 Rxd7 25. Nxd7 Qxd7 26. e4 Bb3 27.
Qb4 Bc2 28. a5 Rd8 29. Rc1 Ba4 30. b3 Bc6 31. Rd1 Qd6 32. Qxd6 Rxd6 33. Kf2 Kf8
34. Ke3 Ke7 35. Rc1 f6 36. b4 Kd7 37. Bc4 Ke7 38. Bxa6 Bxe4 39. fxe4 bxa6 40.
Rc7+ 1-0

[Event "Xtracon Grand Master 2013"]
[Site "Asgaard Skole, Koge, Denmark"]
[Date "2013.10.14"]
[Round "1.2"]
[White "Kjartansson, Guðmundur"]
[Black "Rozentalis, Eduardas"]
[Result "0-1"]
[WhiteElo "2447"]
[BlackElo "2616"]
[PlyCount "70"]
[EventDate "2013.??.??"]

1. Nf3 Nf6 2. c4 b6 3. g3 Bb7 4. Bg2 e6 5. O-O Be7 6. d4 O-O 7. Re1 c5 8. d5
exd5 9. Nh4 Ne4 10. cxd5 Bxh4 11. Bxe4 Bf6 12. Qc2 g6 13. Bd2 d6 14. Bc3 b5 15.
a4 b4 16. Bxf6 Qxf6 17. Nd2 Nd7 18. Bg2 Ba6 19. f4 c4 20. Ne4 Qe7 21. Qd2 Rab8
22. Qd4 f5 23. Ng5 Nc5 24. Rad1 c3 25. bxc3 Nb3 26. Qf2 bxc3 27. e4 Rfc8 28.
Qc2 Qf6 29. Ne6 fxe4 30. Rxe4 Nd2 31. Ree1 Rb2 32. Qc1 Nb3 33. Qe3 c2 34. Rc1
Nxc1 35. Rxc1 Rb1 0-1

[Event "Xtracon Grand Master 2013"]
[Site "Asgaard Skole, Koge, Denmark"]
[Date "2013.10.14"]
[Round "1.3"]
[White "Solodovnichenko, Yuri"]
[Black "Hagen, Andreas Skytte"]
[Result "1-0"]
[WhiteElo "2583"]
[BlackElo "2421"]
[PlyCount "77"]
[EventDate "2013.??.??"]

1. e4 e5 2. Nf3 Nc6 3. Bb5 Nf6 4. O-O Nxe4 5. d4 Nd6 6. Bxc6 dxc6 7. dxe5 Nf5
8. Qxd8+ Kxd8 9. Nc3 Bd7 10. h3 h6 11. b3 Kc8 12. Bb2 b6 13. Rad1 Ne7 14. Ne2
Ng6 15. Ne1 a5 16. f4 Ne7 17. c4 h5 18. Nf3 Nf5 19. Rd3 h4 20. Rfd1 Be6 21.
Rd8+ Kb7 22. Rxa8 Kxa8 23. Rd8+ Kb7 24. Kh2 g6 25. Ned4 Bg7 26. Rxh8 Bxh8 27.
Nxf5 gxf5 28. Nxh4 b5 29. g4 fxg4 30. f5 Bc8 31. hxg4 bxc4 32. bxc4 Kb6 33.
Bd4+ c5 34. Bc3 Kc6 35. Nf3 Ba6 36. Nd2 Bg7 37. g5 Bc8 38. f6 Bf8 39. Bxa5 1-0

[Event "Xtracon Grand Master 2013"]
[Site "Asgaard Skole, Koge, Denmark"]
[Date "2013.10.14"]
[Round "1.4"]
[White "Lund, Silas Esben"]
[Black "Gleizerov, Evgeny"]
[Result "1/2-1/2"]
[WhiteElo "2416"]
[BlackElo "2545"]
[PlyCount "89"]
[EventDate "2013.??.??"]

1. d4 e6 2. c4 f5 3. g3 Nf6 4. Bg2 d5 5. Nh3 c6 6. O-O Bd6 7. Bf4 O-O 8. Nd2
Be7 9. Qc2 Na6 10. Rad1 h6 11. f3 g5 12. Be3 Bd7 13. Bf2 Be8 14. e4 fxe4 15.
fxe4 Bg6 16. Qb3 Qb6 17. cxd5 Qxb3 18. Nxb3 cxd5 19. exd5 exd5 20. Nc5 Nc7 21.
Rfe1 Rf7 22. Be3 b6 23. Nd3 Be4 24. Ne5 Bxg2 25. Kxg2 Rg7 26. Nf2 Nce8 27. Rc1
Nd6 28. g4 Nde4 29. Nfd3 Bd6 30. h3 Re8 31. Rc6 Rc7 32. Rxc7 Bxc7 33. Rc1 Bd6
34. Nc6 a6 35. Nce5 Rb8 36. Rc6 Kf8 37. Bg1 Rb7 38. Bh2 Ke7 39. Ng6+ Kd7 40.
Nde5+ Bxe5 41. Nxe5+ Kd8 42. Nd3 Kd7 43. Ne5+ Kd8 44. Nd3 Kd7 45. Ne5+ 1/2-1/2

[Event "Xtracon Grand Master 2013"]
[Site "Asgaard Skole, Koge, Denmark"]
[Date "2013.10.14"]
[Round "1.5"]
[White "Ulibin, Mikhail"]
[Black "Høi, Carsten"]
[Result "1/2-1/2"]
[WhiteElo "2523"]
[BlackElo "2393"]
[PlyCount "36"]
[EventDate "2013.??.??"]

1. e4 g6 2. d4 Bg7 3. Nc3 d6 4. Bg5 c6 5. Qd2 b5 6. f4 b4 7. Nce2 Nf6 8. Ng3
Nbd7 9. Nf3 Qb6 10. Bd3 h6 11. Bxf6 Nxf6 12. f5 gxf5 13. Nxf5 Bxf5 14. exf5 c5
15. c3 cxd4 16. cxd4 Nh7 17. h4 Rc8 18. a3 bxa3 1/2-1/2

[Event "Xtracon Grand Master 2013"]
[Site "Asgaard Skole, Koge, Denmark"]
[Date "2013.10.14"]
[Round "1.6"]
[White "Nielsen, Jens Ove Fries"]
[Black "Danielsen, Henrik"]
[Result "1/2-1/2"]
[WhiteElo "2386"]
[BlackElo "2501"]
[PlyCount "123"]
[EventDate "2013.??.??"]

1. c4 g6 2. g3 Bg7 3. Bg2 Nf6 4. Nc3 O-O 5. d3 d6 6. Bg5 c6 7. Qd2 Qb6 8. e4
Nbd7 9. Be3 Qb4 10. h3 Nc5 11. Rd1 a5 12. Nge2 a4 13. O-O e5 14. f4 exf4 15.
Bxf4 Ne6 16. a3 Qb6+ 17. Be3 Qa6 18. Bh6 Nd7 19. Bxg7 Kxg7 20. Kh2 Ne5 21. Nf4
Bd7 22. Rf2 f6 23. Rdf1 Rf7 24. Nce2 Raf8 25. Qc3 c5 26. Rd1 Nc6 27. Nxe6+ Bxe6
28. Rc1 Qb6 29. Qc2 Qa5 30. Nc3 Ra8 31. Nb5 Nd4 32. Nxd4 cxd4 33. Rcf1 Qc5 34.
Qd2 Rc8 35. h4 b5 36. cxb5 Qxb5 37. Bh3 Bxh3 38. Kxh3 h5 39. Kh2 Rc5 40. Qe2
Re5 41. Qc2 Rc5 42. Qe2 Qb3 43. g4 hxg4 44. Qxg4 Qxd3 45. Rg1 g5 46. Rg3 Qb5
47. Qh5 Rf8 48. Rgf3 Qe8 49. Qxe8 Rxe8 50. Rxf6 Rxe4 51. h5 Rf4 52. R2xf4 gxf4
53. Rxd6 Rc2+ 54. Kg1 Rd2 55. Kf1 f3 56. Ke1 f2+ 57. Kf1 d3 58. Kg2 Kh7 59. Kf1
Kg7 60. Kg2 Kh7 61. Kf1 Kg7 62. Kg2 1/2-1/2

[Event "Xtracon Grand Master 2013"]
[Site "Asgaard Skole, Koge, Denmark"]
[Date "2013.10.14"]
[Round "1.7"]
[White "Brynell, Stellan"]
[Black "Nilsen, John Arni"]
[Result "1-0"]
[WhiteElo "2492"]
[BlackElo "2360"]
[PlyCount "121"]
[EventDate "2013.??.??"]

1. d4 d5 2. c4 e6 3. Nf3 c6 4. Nc3 f5 5. Bf4 Nf6 6. e3 Bd6 7. Bd3 Ne4 8. O-O
O-O 9. Ne2 b6 10. Qc2 Bb7 11. Rad1 Qe7 12. Bxd6 Nxd6 13. c5 bxc5 14. Qxc5 Nd7
15. Qa3 Rfe8 16. Rc1 a5 17. Rc2 Nf7 18. Qxe7 Rxe7 19. Rfc1 g6 20. Rc3 Kg7 21.
Kf1 Kf6 22. Ke1 g5 23. Nd2 a4 24. f3 e5 25. Kf2 e4 26. fxe4 fxe4 27. Bc2 Nd6
28. Ra3 Nb6 29. Nc3 Nb5 30. Nxb5 cxb5 31. Rc3 Nc4 32. Nxc4 dxc4 33. Rf1 Kg6 34.
Ke1 Bd5 35. a3 Raa7 36. Bd1 b4 37. axb4 Reb7 38. Kd2 Rxb4 39. Kc1 Rab7 40. Rf2
h5 41. Ra3 Ra7 42. Kc2 Rab7 43. Kc3 Bc6 44. Rd2 Be8 45. Bc2 Kf5 46. Rf2+ Ke6
47. Bxe4 Rb3+ 48. Rxb3 Rxb3+ 49. Kxc4 Rxe3 50. Bd5+ Kd6 51. Rf6+ Kc7 52. Re6
Rxe6 53. Bxe6 Kd6 54. Bg8 h4 55. Kb4 Bc6 56. g3 Be8 57. Bc4 Bd7 58. Bb5 hxg3
59. hxg3 Bc8 60. Bxa4 Kd5 61. Kc3 1-0

[Event "Xtracon Grand Master 2013"]
[Site "Asgaard Skole, Koge, Denmark"]
[Date "2013.10.14"]
[Round "1.8"]
[White "Korley, Kassa"]
[Black "Semcessen, Daniel"]
[Result "1/2-1/2"]
[WhiteElo "2329"]
[BlackElo "2490"]
[PlyCount "105"]
[EventDate "2013.??.??"]

1. d4 f5 2. c4 Nf6 3. Nc3 d6 4. Nf3 g6 5. Bf4 Bg7 6. h3 O-O 7. e3 e6 8. Qc2 Qe7
9. Be2 Nc6 10. Bh2 Bd7 11. O-O Rae8 12. d5 Nd8 13. Rfd1 a6 14. c5 Nf7 15. cxd6
Nxd6 16. Ne5 Bc8 17. Nc4 exd5 18. Nxd6 cxd6 19. Bf3 Be6 20. Nxd5 Nxd5 21. Bxd5
Be5 22. Bxe5 dxe5 23. Qb3 Rf7 24. Rac1 Kg7 25. a4 Qf6 26. a5 h5 27. Bxe6 Qxe6
28. Qb4 Rd7 29. Rxd7+ Qxd7 30. Qc3 Re7 31. b4 Kf7 32. Kh2 Re6 33. Qc4 Kf6 34.
Qh4+ Kg7 35. Rc5 Qd6 36. e4 Qe7 37. Qxe7+ Rxe7 38. exf5 gxf5 39. b5 axb5 40.
Rxb5 Kf6 41. Rb6+ Kg5 42. g3 h4 43. Kg2 Rc7 44. Rb5 hxg3 45. Rxe5 gxf2 46. Kxf2
Kf4 47. Rb5 Rc2+ 48. Kf1 Ra2 49. Rxb7 Rxa5 50. Rb4+ Kg3 51. Rb3+ Kf4 52. Rb4+
Kg3 53. Rb3+ 1/2-1/2

[Event "Xtracon Grand Master 2013"]
[Site "Asgaard Skole, Koge, Denmark"]
[Date "2013.10.14"]
[Round "1.9"]
[White "Åkesson, Ralf"]
[Black "Bekker-Jensen, David"]
[Result "1-0"]
[WhiteElo "2465"]
[BlackElo "2321"]
[PlyCount "93"]
[EventDate "2013.??.??"]

1. d4 Nf6 2. c4 g6 3. Nc3 Bg7 4. e4 d6 5. Nf3 O-O 6. h3 e5 7. d5 a5 8. Be3 Na6
9. g4 Nd7 10. a3 Nb6 11. Rb1 f5 12. gxf5 gxf5 13. b4 axb4 14. axb4 fxe4 15. Ng5
c5 16. bxc5 Nxc5 17. Rg1 Nba4 18. Nxa4 Qa5+ 19. Qd2 Qxd2+ 20. Kxd2 Rxa4 21.
Bxc5 dxc5 22. Nxe4 Kh8 23. Bd3 Ra2+ 24. Kc3 Ra3+ 25. Rb3 Rxb3+ 26. Kxb3 b6 27.
Rg3 Bh6 28. h4 Bd7 29. f3 Be3 30. Ng5 Bf2 31. Nxh7 Ra8 32. Rg2 Ba4+ 33. Kc3
Bd4+ 34. Kd2 Bb3 35. Bb1 e4 36. Ng5 e3+ 37. Kc1 Rf8 38. Bd3 b5 39. cxb5 Bxd5
40. Be4 Bc4 41. Kd1 Bxb5 42. Ne6 Rg8 43. Rxg8+ Kxg8 44. Nf4 Kg7 45. Bd3 Bc6 46.
Ke2 Kf6 47. Ng2 1-0

[Event "Xtracon Grand Master 2013"]
[Site "Asgaard Skole, Koge, Denmark"]
[Date "2013.10.14"]
[Round "1.10"]
[White "Prosviriakov, Vladimir"]
[Black "Smith, Axel"]
[Result "0-1"]
[WhiteElo "2300"]
[BlackElo "2460"]
[PlyCount "246"]
[EventDate "2013.??.??"]

1. d4 Nf6 2. Bg5 Ne4 3. Bf4 c5 4. f3 Qa5+ 5. c3 Nf6 6. d5 Qb6 7. Bc1 e6 8. e4
exd5 9. exd5 Be7 10. c4 O-O 11. Bd3 d6 12. Nc3 Re8 13. Nge2 Na6 14. O-O Qd8 15.
Ng3 Nc7 16. Qc2 Rb8 17. Nge4 Nxe4 18. Bxe4 g6 19. a4 Bd7 20. Bf4 a6 21. Rfb1 b5
22. axb5 axb5 23. b3 Rb6 24. Ra7 Bf6 25. Bd3 Qb8 26. Ra5 bxc4 27. Bxc4 Bf5 28.
Ne4 Bxe4 29. fxe4 Qd8 30. Rf1 Rb7 31. Kh1 Bd4 32. Qd3 Qe7 33. Qg3 Be5 34. Ra2
Nb5 35. Bxb5 Bxf4 36. Rxf4 Rxb5 37. Raf2 Rf8 38. h3 Rb4 39. Qf3 Qb7 40. Rf6
Rxb3 41. Qf4 Qe7 42. Rxd6 Rb1+ 43. Kh2 Re1 44. Rc6 Rxe4 45. Qc7 Qxc7+ 46. Rxc7
c4 47. Rc2 Rd8 48. Rc5 Rd4 49. R2xc4 Rxc4 50. Rxc4 Rxd5 51. h4 Kg7 52. g3 Rd2+
53. Kg1 Kf6 54. Rc5 Ke6 55. Ra5 Rd5 56. Ra4 Ke5 57. Kf2 Rd3 58. Rb4 h5 59. Ra4
Rd4 60. Ra7 f6 61. Re7+ Kf5 62. Rf7 Rd6 63. Kf3 Ra6 64. Rf8 Ra7 65. Kf2 Ra2+
66. Kf3 Ra3+ 67. Kf2 Ra4 68. Kf3 Ra6 69. Rf7 Ra3+ 70. Kf2 Ra4 71. Kf3 Ke6 72.
Rg7 Rg4 73. Ra7 f5 74. Ra6+ Ke5 75. Ra5+ Kf6 76. Ra6+ Kg7 77. Rb6 f4 78. gxf4
Rxh4 79. Ra6 Rh3+ 80. Kg2 Rb3 81. Rc6 Ra3 82. Rb6 Rc3 83. Ra6 Rd3 84. Rb6 Ra3
85. Rc6 Kf7 86. Rb6 Re3 87. Ra6 Re6 88. Ra5 Kf6 89. Rb5 Re3 90. Ra5 Rd3 91. Rb5
Rc3 92. Ra5 Rb3 93. Rc5 Ke6 94. Ra5 Rc3 95. Rb5 Rd3 96. Ra5 Rd5 97. Ra6+ Kf5
98. Kg3 Rd3+ 99. Kf2 Rh3 100. Kg2 Rh4 101. Kg3 Rg4+ 102. Kh3 Rxf4 103. Ra5+ Kf6
104. Ra6+ Kg5 105. Ra3 Rf6 106. Rg3+ Kh6 107. Ra3 g5 108. Kg3 h4+ 109. Kh3 Kh5
110. Kg2 Rf5 111. Rb3 g4 112. Ra3 Kg5 113. Rb3 Rc5 114. Ra3 Rc2+ 115. Kg1 h3
116. Kh1 Kh4 117. Kg1 Rd2 118. Rb3 Re2 119. Ra3 g3 120. Ra4+ Kg5 121. Ra1 Kg4
122. Rb1 h2+ 123. Kh1 Kh3 0-1

[Event "Xtracon Grand Master 2013"]
[Site "Asgaard Skole, Koge"]
[Date "2013.10.14"]
[Round "1.11"]
[White "Akdag, Dara Sevkan"]
[Black "Wahlström, Lennart"]
[Result "0-1"]
[WhiteElo "2278"]
[BlackElo "2105"]
[PlyCount "46"]
[EventDate "2013.??.??"]
[WhiteTeam "BMS Skak"]

1. d4 d5 2. c4 e6 3. Nc3 c5 4. cxd5 exd5 5. Nf3 Nc6 6. g3 Nf6 7. Bg2 Bg4 8. O-O
Bxf3 9. Bxf3 cxd4 10. Nb5 Qb6 11. a4 a6 12. Na3 Be7 13. Nc2 O-O 14. a5 Nxa5 15.
Nxd4 Bc5 16. Nf5 Nb3 17. Ra4 Rfe8 18. Bg5 Ne4 19. Be3 Qb5 20. Ra2 Bxe3 21. Nxe3
d4 22. Ra3 Ned2 23. Ng2 Rac8 0-1

[Event "Xtracon Grand Master 2013"]
[Site "Asgaard Skole, Koge"]
[Date "2013.10.14"]
[Round "1.12"]
[White "Malmqvist, Glenn"]
[Black "Nielsen, Lars Aaes"]
[Result "1-0"]
[WhiteElo "2102"]
[BlackElo "2268"]
[PlyCount "55"]
[EventDate "2013.??.??"]
[BlackTeam "Skakklubben Nordkalotten"]

1. e4 e6 2. d4 d5 3. Nc3 Bb4 4. e5 Qd7 5. a3 Bxc3+ 6. bxc3 b6 7. f4 Nh6 8. Bd3
Ba6 9. Qe2 Bxd3 10. cxd3 Nc6 11. g4 Na5 12. Be3 Qc6 13. Rc1 Qa4 14. f5 exf5 15.
Bxh6 gxh6 16. Qf3 Qxa3 17. Ne2 fxg4 18. Qxg4 Qe7 19. Rf1 Qg5 20. Qh3 Nb3 21.
Rc2 a5 22. Nf4 c6 23. Rg2 Qe7 24. Qxh6 Rc8 25. Nh5 Qa3 26. Ng7+ Kf8 27. Rxf7+
Kxf7 28. Qf6+ 1-0

[Event "Xtracon Grand Master 2013"]
[Site "Asgaard Skole, Koge"]
[Date "2013.10.14"]
[Round "1.13"]
[White "Andreasen, Henrik"]
[Black "Bengtsson, Tage"]
[Result "1/2-1/2"]
[WhiteElo "2239"]
[BlackElo "2099"]
[PlyCount "116"]
[EventDate "2013.??.??"]
[WhiteTeam "Skakklubben K41"]

1. d4 d5 2. c4 e6 3. Nc3 c5 4. cxd5 exd5 5. Nf3 Nc6 6. g3 Nf6 7. Bg2 Be7 8. O-O
O-O 9. Bg5 cxd4 10. Nxd4 h6 11. Bf4 Bg4 12. h3 Be6 13. Qd2 Rc8 14. Rad1 Bb4 15.
Qd3 Qe7 16. Ncb5 Rcd8 17. a3 Ba5 18. Rc1 Qd7 19. Kh2 Bb6 20. b4 Ne4 21. Nxc6
bxc6 22. Nd4 c5 23. Nxe6 Qxe6 24. bxc5 Nxc5 25. Qb5 Ne4 26. Bc7 Bxc7 27. Rxc7
d4 28. Bxe4 Qxe4 29. Rxa7 Ra8 30. Rxa8 Rxa8 31. a4 Re8 32. Rd1 Qxe2 33. Qxe2
Rxe2 34. Kg2 Re4 35. Kf3 f5 36. Rd3 g5 37. g4 Rf4+ 38. Kg3 fxg4 39. hxg4 h5 40.
gxh5 Kg7 41. f3 Kh6 42. Kf2 Kxh5 43. a5 Rf5 44. Ra3 g4 45. a6 d3 46. a7 Rxf3+
47. Kg2 d2 48. a8=Q Rxa3 49. Qd5+ Kh4 50. Qd8+ Kh5 51. Qxd2 Rf3 52. Qd5+ Kg6
53. Qe6+ Kh5 54. Qe5+ Kg6 55. Qe8+ Kg5 56. Qg8+ Kh5 57. Qg7 Rf5 58. Qh7+ Kg5
1/2-1/2

[Event "Xtracon Grand Master 2013"]
[Site "Asgaard Skole, Koge"]
[Date "2013.10.14"]
[Round "1.14"]
[White "Eriksson, Kristian"]
[Black "Rosenkilde, Alexander"]
[Result "0-1"]
[WhiteElo "2093"]
[BlackElo "2238"]
[PlyCount "60"]
[EventDate "2013.??.??"]
[BlackTeam "Tåstrup Skakforening"]

1. e4 c5 2. Nf3 Nc6 3. d4 cxd4 4. Nxd4 Nf6 5. Nc3 e5 6. Ndb5 d6 7. Bg5 a6 8.
Na3 b5 9. Bxf6 gxf6 10. Nd5 f5 11. c3 Bg7 12. exf5 Bxf5 13. Qf3 Bd7 14. Bd3 O-O
15. Ne3 Ne7 16. O-O-O f5 17. Bc2 Be6 18. Bb3 Bxb3 19. axb3 Kh8 20. Nac2 a5 21.
Qe2 b4 22. c4 a4 23. bxa4 Rxa4 24. Qd3 Nc6 25. Qxd6 Qa8 26. Nd5 Rd8 27. Qe6 b3
28. Na3 Rxa3 29. bxa3 Qxa3+ 30. Kd2 Nd4 0-1

[Event "Xtracon Grand Master 2013"]
[Site "Asgaard Skole, Koge"]
[Date "2013.10.14"]
[Round "1.15"]
[White "Rendboe, John Filip"]
[Black "Nielsen, Klaus"]
[Result "1/2-1/2"]
[WhiteElo "2214"]
[BlackElo "2092"]
[PlyCount "78"]
[EventDate "2013.??.??"]
[WhiteTeam "Århus Skakklub/Skolerne"]
[BlackTeam "Furesø Skakklub"]

1. d4 d5 2. c4 e6 3. Nc3 c5 4. e3 Nf6 5. Nf3 a6 6. cxd5 exd5 7. Be2 Nc6 8. O-O
Bd6 9. a3 O-O 10. dxc5 Bxc5 11. b4 Bd6 12. Bb2 Re8 13. b5 Na5 14. a4 h6 15. Rc1
Bf5 16. Nd4 Bg6 17. Nb1 Ne4 18. Nd2 Qe7 19. bxa6 bxa6 20. N4f3 Reb8 21. Bd4 Ba3
22. Ra1 Nc6 23. Nb1 Bb4 24. Bb2 Rd8 25. Nd4 Na5 26. Ba3 Rdc8 27. Bxb4 Qxb4 28.
Ra2 Nc4 29. Qb3 a5 30. Qd1 Rab8 31. Nb5 Rd8 32. Qd4 f6 33. N1c3 Ned2 34. Rd1
Nb3 35. Qg4 Bf7 36. Rb1 Ncd2 37. Rd1 Nc4 38. Rb1 Ncd2 39. Rd1 Nc4 1/2-1/2

[Event "Xtracon Grand Master 2013"]
[Site "Asgaard Skole, Koge"]
[Date "2013.10.14"]
[Round "1.16"]
[White "Hansen, Lars-Henrik Bech"]
[Black "Percivaldi, Martin"]
[Result "0-1"]
[WhiteElo "2073"]
[BlackElo "2191"]
[PlyCount "86"]
[EventDate "2013.??.??"]
[WhiteTeam "BMS Skak"]
[BlackTeam "Hillerød Skakklub"]

1. e4 e6 2. d4 d5 3. Nc3 Nf6 4. Bg5 Bb4 5. e5 h6 6. Bd2 Bxc3 7. bxc3 Ne4 8. Qg4
Kf8 9. Nf3 c5 10. Bd3 Nxd2 11. Nxd2 c4 12. Be2 Nc6 13. O-O Rb8 14. f4 b5 15.
Qf3 g6 16. g4 h5 17. g5 Bd7 18. Qe3 Kg7 19. Nf3 a5 20. a3 Qe7 21. Rfb1 Rb7 22.
Qc1 Rhb8 23. h4 Na7 24. Nh2 Nc8 25. Nf1 Nb6 26. Ne3 Bc6 27. Qd2 {(=)} Qd8 28.
Ng2 Na4 29. Kh2 Rb6 30. Kh3 R8b7 31. Ne3 Qb8 32. f5 exf5 33. Bxh5 f4 34. Nf5+
gxf5 35. Qxf4 Bd7 36. Rg1 Qh8 37. Bf3 Nxc3 38. g6 fxg6 39. Qg5 Kf7 40. Rae1 Ne4
41. Bxe4 fxe4+ 42. Kh2 Ke8 43. Ref1 Bf5 0-1

[Event "Xtracon Grand Master 2013"]
[Site "Asgaard Skole, Koge"]
[Date "2013.10.14"]
[Round "1.17"]
[White "Pedersen, Hans Dahl"]
[Black "Jørgensen, Rasmus"]
[Result "1/2-1/2"]
[WhiteElo "2187"]
[BlackElo "2062"]
[PlyCount "163"]
[EventDate "2013.??.??"]
[WhiteTeam "Køge Skakklub"]
[BlackTeam "Skakklubben K41"]

1. c4 g6 2. g3 Bg7 3. Bg2 Nf6 4. Nc3 O-O 5. e4 d6 6. Nge2 e5 7. O-O c6 8. d3
Be6 9. h3 Qd7 10. Kh2 Na6 11. f4 h5 12. b3 h4 13. g4 exf4 14. Bxf4 d5 15. e5
Nh7 16. cxd5 cxd5 17. d4 g5 18. Be3 f6 19. exf6 Bxf6 20. Qd2 Rae8 21. Rae1 Nb4
22. Na4 Qd6+ 23. Kg1 Bd8 24. Rxf8+ Rxf8 25. Rf1 Rxf1+ 26. Kxf1 b6 27. Nac3 Kg7
28. Ng1 Bc8 29. Nf3 Ba6+ 30. Kg1 Nd3 31. Ne5 Nf4 32. Bxf4 gxf4 33. Qxf4 Ng5 34.
Nxd5 Nxh3+ 35. Bxh3 Qxd5 36. Bg2 Qe6 37. Be4 Bf6 38. g5 Bxe5 39. dxe5 Qd7 40.
Qf6+ Kg8 41. g6 h3 42. Qf7+ Qxf7 43. gxf7+ Kxf7 44. Bf5 Bb7 45. Kh2 a5 46. Kxh3
Bd5 47. Kg3 a4 48. bxa4 Bxa2 49. Bd7 Ke7 50. Bc6 Ke6 51. Kf4 Bb1 52. Be4 Ba2
53. Bf5+ Ke7 54. Bc2 Ke6 55. Ke4 Bd5+ 56. Kd4 Ba2 57. Bd3 Ke7 58. Bc4 Bb1 59.
Kc3 Be4 60. Kb4 Bc6 61. Bb3 Kd7 62. Kc3 Ke7 63. Kd4 Kd7 64. Kc3 Ke7 65. Kb4 Kd7
66. Bg8 Ke7 67. Bc4 Bd7 68. Bb5 Bc8 69. Kc4 Bb7 70. Kd4 Bf3 71. Ke3 Bd1 72. Ke4
Ke6 73. Kd4 Bf3 74. Bc4+ Ke7 75. Kc3 Bb7 76. Bg8 Bc6 77. Kb4 Kf8 78. Bh7 Ke7
79. Bf5 Kd8 80. Bg4 Ke7 81. Bc8 Kd8 82. Bf5 1/2-1/2

[Event "Xtracon Grand Master 2013"]
[Site "Asgaard Skole, Koge"]
[Date "2013.10.14"]
[Round "1.18"]
[White "Andersen, Finn"]
[Black "Mølvig, Henrik"]
[Result "0-1"]
[WhiteElo "2060"]
[BlackElo "2162"]
[PlyCount "86"]
[EventDate "2013.??.??"]
[WhiteTeam "Præstø Skakklub"]
[BlackTeam "Roskilde Skakklub"]

1. e4 c5 2. Nc3 d6 3. g3 g6 4. Bg2 Bg7 5. d3 Nc6 6. Be3 e6 7. Qd2 Rb8 8. Nf3
Nd4 9. Bxd4 cxd4 10. Nb5 a6 11. Nbxd4 Ne7 12. c3 O-O 13. O-O b6 14. Rfe1 Qc7
15. Nc2 Bb7 16. Ne3 h6 17. h4 Rbe8 18. Ng4 Kh7 19. e5 dxe5 20. Ngxe5 f6 21. Nc4
e5 22. Qe2 b5 23. Ncd2 Qd7 24. Nb3 Rc8 25. d4 Qf5 26. Ng5+ hxg5 27. Bxb7 gxh4
28. Bxc8 Qxc8 29. g4 Nd5 {(=)} 30. Rad1 Nf4 31. Qf3 f5 32. g5 Qd8 33. dxe5
Qxg5+ 34. Kh1 Re8 35. Rg1 Qh6 36. Rge1 g5 37. Rd6 Qxd6 38. exd6 Rxe1+ 39. Kh2
Be5 40. Qb7+ Kh6 41. d7 Ne2+ 42. Kg2 h3+ 43. Kf3 Ng1# 0-1

[Event "Xtracon Grand Master 2013"]
[Site "Asgaard Skole, Koge"]
[Date "2013.10.14"]
[Round "1.19"]
[White "Andersen, Morten"]
[Black "Johansson, Alexander"]
[Result "1/2-1/2"]
[WhiteElo "2153"]
[BlackElo "2049"]
[PlyCount "35"]
[EventDate "2013.??.??"]
[WhiteTeam "Skakforeningen Odysseus"]

1. c4 Nf6 2. g3 e5 3. Nc3 Bb4 4. Nf3 Nc6 5. Nd5 Nxd5 6. cxd5 Ne7 7. Qb3 Bd6 8.
d4 exd4 9. Nxd4 c6 10. Bg2 Bc5 11. Be3 Qa5+ 12. Kf1 O-O 13. Rc1 d6 14. dxc6
bxc6 15. Nxc6 Nxc6 16. Bxc5 dxc5 17. Bxc6 Rb8 18. Qa3 1/2-1/2

[Event "Xtracon Grand Master 2013"]
[Site "Asgaard Skole, Koge"]
[Date "2013.10.14"]
[Round "1.20"]
[White "Jensen, Jens Amstrup"]
[Black "Vovk, Oksana"]
[Result "0-1"]
[WhiteElo "2037"]
[BlackElo "2132"]
[PlyCount "80"]
[EventDate "2013.??.??"]
[BlackTeam "Brønshøj Skakforening"]

1. c4 e5 2. Nc3 Nf6 3. Nf3 Nc6 4. d4 exd4 5. Nxd4 Bb4 6. Nxc6 Bxc3+ 7. bxc3
bxc6 8. Ba3 d6 9. Qc2 O-O 10. e3 Re8 11. Bd3 h6 12. O-O Ng4 13. e4 Qh4 14. h3
Ne5 15. f4 Nxd3 16. Qxd3 Ba6 17. Kh2 Re6 18. g3 Qf6 19. Rae1 Rae8 20. e5 Qd8
21. Rd1 d5 22. Rf2 Bxc4 23. Qd4 a6 24. Rfd2 Qc8 25. Re1 f6 26. Rf2 Qd7 27. Rd2
Qf7 28. g4 h5 29. Rg2 fxe5 30. fxe5 hxg4 31. Rxg4 Rg6 32. Rf4 Qe6 33. Qf2 Rg5
34. Re3 Rxe5 35. Rf8+ Rxf8 36. Qxf8+ Kh7 37. Rg3 Re2+ 38. Kg1 Re1+ 39. Kh2 Qe2+
40. Rg2 Qe5+ 0-1

[Event "Xtracon Grand Master 2013"]
[Site "Asgaard Skole, Koge"]
[Date "2013.10.14"]
[Round "1.21"]
[White "Pondal, Jesper"]
[Black "Stuhr, Peter Sebastian"]
[Result "0-1"]
[WhiteElo "2031"]
[BlackElo "1939"]
[PlyCount "84"]
[EventDate "2013.??.??"]
[WhiteTeam "Køge Skakklub"]
[BlackTeam "Skakklubben K41"]

1. d4 d6 2. c4 Nf6 3. Nc3 c6 4. e4 Nbd7 5. Nf3 e5 6. d5 Be7 7. Be2 h6 8. Qc2 a5
9. b3 g5 10. a4 Nc5 11. Be3 Ncd7 12. Nd2 Nf8 13. h4 Ng4 14. Bxg4 Bxg4 15. f3
Bd7 16. h5 Nh7 17. g4 Nf6 18. Rg1 Qc8 19. Qd1 Bd8 20. Nf1 Bc7 21. Rc1 Kf8 22.
c5 Ne8 23. Rg2 Qb8 24. Rd2 Kg7 25. Ng3 Qa7 26. Nce2 dxc5 27. Bxc5 Bb6 28. Bxb6
Qxb6 29. dxc6 Bxc6 30. Nf5+ Kh7 31. Rd6 Nxd6 32. Qxd6 Qb4+ 33. Qxb4 axb4 34.
Rc4 Rhd8 35. Rxb4 Rd3 36. Kf2 Rad8 37. Rb6 Rd2 38. a5 Ra2 39. b4 Rdd2 40. Nfg3
Rdb2 41. Ke3 Ra3+ 42. Kf2 Ra4 0-1

[Event "Xtracon Grand Master 2013"]
[Site "Asgaard Skole, Koge"]
[Date "2013.10.14"]
[Round "1.22"]
[White "Andersen, Daniel"]
[Black "Svensson, Sören"]
[Result "0-1"]
[WhiteElo "1933"]
[BlackElo "2015"]
[PlyCount "85"]
[EventDate "2013.??.??"]
[WhiteTeam "Frederikssund Skakklub"]

1. c4 Nf6 2. Nc3 e5 3. Nf3 Nc6 4. e4 d6 5. d4 Bg4 6. d5 Nd4 7. Be3 Nxf3+ 8.
gxf3 Bd7 9. Qd2 Be7 10. O-O-O Nh5 11. Rg1 h6 12. Be2 g5 13. h4 Nf4 14. hxg5
Bxg5 15. Bf1 Qf6 16. Ne2 O-O-O 17. Nxf4 Bxf4 18. Bxf4 Qxf4 19. Qxf4 exf4 20.
Rh1 f5 21. Rh4 fxe4 22. fxe4 Rdf8 23. Bh3 Rf6 24. Bxd7+ Kxd7 25. Rg1 Re8 26. f3
Re7 27. Rgg4 Ref7 28. Kd2 c5 29. Rg8 Kc7 30. Ke2 Rh7 31. Rh5 a6 32. a4 Kb6 33.
Kd3 Ka5 34. b3 Kb4 35. Kc2 Re7 36. Rh8 Rg7 37. R8xh6 Rg2+ 38. Kd1 Rxh6 39. Rxh6
Kxb3 40. Rxd6 Kxc4 41. e5 Kd3 42. Ke1 Ke3 43. e6 0-1

[Event "Xtracon Grand Master 2013"]
[Site "Asgaard Skole, Koge"]
[Date "2013.10.14"]
[Round "1.23"]
[White "Preuss, Flemming"]
[Black "Degerfeldt, Sven"]
[Result "1-0"]
[WhiteElo "1980"]
[BlackElo "1929"]
[PlyCount "63"]
[EventDate "2013.??.??"]
[WhiteTeam "Næstved Skakklub"]

1. f4 d5 2. Nf3 Nf6 3. g3 Bf5 4. Bg2 e6 5. O-O c5 6. d3 h6 7. Qe1 Nc6 8. c3 Be7
9. Nbd2 d4 10. Nc4 Nd5 11. Bd2 Bf6 12. a4 g5 13. fxg5 hxg5 14. cxd4 cxd4 15.
Qf2 g4 16. Ne1 Rh7 17. Nc2 Qd7 18. Be4 Rh5 19. e3 O-O-O 20. Nxd4 Nxd4 21. exd4
Kb8 22. Ne5 Bxe5 23. dxe5 Rdh8 24. h4 gxh3 25. Kh2 Rg8 26. a5 Rg7 27. Rac1 Bxe4
28. dxe4 Ne7 29. Be3 Nc6 30. Rfd1 Qe7 31. a6 Nxe5 32. Bxa7+ 1-0